[Event "USA-ch Junior Girls 2019"]
[Site "Saint Louis"]
[Date "2019.07.15"]
[Round "5.4"]
[White "Feng, Maggie"]
[Black "Bykovtsev, Agata"]
[Result "1/2-1/2"]
[WhiteElo "2198"]
[BlackElo "2012"]
[Annotator "NA RC"]
[PlyCount "83"]
[EventDate "2019.07.09"]
[EventType "tourn"]
[EventCountry "USA"]
[SourceTitle "playchess.com"]
[Source "ChessBase"]
[SourceQuality "1"]
[TimeControl "40/5400+30:1800+30"]

1. b3 {[%emt 0:00:00]} Nf6 {[%emt 0:00:00]} 2. Bb2 {[%emt 0:00:05]} d6 {[%emt 0:01:39]} 3. g3 {[%emt 0:04:01]} g6 {[%emt 0:01:22]} 4. Bg2 {[%emt 0:00:21]} Bg7 {[%emt 0:00:06]} 5. e4 {[%emt 0:03:43]} O-O {[%emt 0:03:50]} 6. Ne2 {[%emt 0:01:25]} c5 {[%emt 0:03:57]} 7. O-O {[%emt 0:08:06]} Nc6 {[%emt 0:02:17]} 8. h3 {[%emt 0:09:44] A01: Nimzowitsch-Larsen Opening} (8. d3 Bd7 9. Nd2 Qc8 10. Nf4 Re8 11. Rb1 Bg4 12. f3 Bd7 13. Nc4 b5 14. Ne3 b4 15. Ne2 a5 {½-½ (30) Wang,C (2529)-Zhao,J (2621) Zaozhuang 2015}) 8... Rb8 {[%emt 0:03:10]} 9. f4 $146 {[%emt 0:14:56]} ({Predecessor:} 9. a4 a6 10. f4 Bd7 11. d3 b5 12. Qc1 Nb4 13. axb5 axb5 14. Nd2 Qb6 15. Kh2 Bc6 {0-1 (53) Domingo Nunez,R (2283)-Bernal Moro,L (2413) Linares 2017}) 9... e5 {[%emt 0:05:39]} 10. Nbc3 {[%emt 0:06:48]} b5 {[%emt 0:04:39]} 11. d3 {[%emt 0:16:38]} Re8 {[%emt 0:03:58]} 12. a4 {[%emt 0:03:35]} b4 {[%emt 0:03:17]} 13. Nb1 {[%emt 0:00:06]} Nd4 {[%emt 0:06:56]} 14. Bxd4 {[%emt 0:12:14]} exd4 {[%emt 0:04:23]} 15. g4 {[%emt 0:00:12]} Bxg4 {[%emt 0:05:49]} 16. hxg4 {[%emt 0:00:09]} Nxg4 {[%emt 0:00:02]} 17. Rf3 {[%emt 0:07:46]} Qh4 {[%emt 0:04:14]} 18. Bh3 {[%emt 0:04:03]} Ne3 {[%emt 0:00:23]} 19. Qc1 {[%emt 0:00:04]} g5 {[%emt 0:11:13]} 20. fxg5 {[%emt 0:00:51]} Re5 {[%emt 0:12:49]} 21. Nd2 {[%emt 0:00:10]} Rxg5+ {[%emt 0:02:02]} 22. Kh1 {[%emt 0:00:05]} Kh8 {[%emt 0:15:28]} 23. Qe1 {[%emt 0:04:15]} Qh6 {[%emt 0:01:57]} (23... Qh5 $19 {has better winning chances.} 24. Qf2 (24. Nf4 $2 Qh6 $19) 24... Rg2) 24. Qf2 {[%emt 0:01:27]} Nxc2 {[%emt 0:01:27]} 25. Rg1 {[%emt 0:00:30]} Rg8 {[%emt 0:03:58]} (25... Rxg1+ $16 26. Nxg1 Ne3) 26. Rxg5 {[%emt 0:00:24]} Qxg5 {[%emt 0:00:10]} 27. Nc4 {[%emt 0:00:05]} Be5 {[%emt 0:02:53]} 28. Nxe5 {[%emt 0:01:05]} dxe5 {[%emt 0:01:18]} 29. Rxf7 {[%emt 0:00:52]} Ne3 {[%emt 0:02:03]} 30. Qf6+ {[%emt 0:00:24]} Qxf6 {[%emt 0:00:04]} 31. Rxf6 {[%emt 0:00:02]} c4 $1 {[%emt 0:02:10]} 32. Nc1 {[%emt 0:00:38]} ({Wrong is} 32. dxc4 $2 d3 $19) (32. bxc4 $2 b3 $19) 32... c3 {[%emt 0:00:46]} 33. Be6 {[%emt 0:00:21]} Rg6 {[%emt 0:01:38]} 34. Rxg6 {[%emt 0:00:24]} hxg6 {[%emt 0:00:01]} 35. Kh2 {[%emt 0:00:25]} Kg7 {[%emt 0:00:21]} 36. Kg3 {[%emt 0:00:06]} Kf6 {[%emt 0:00:24]} 37. Bh3 {[%emt 0:00:35]} Kg5 {[%emt 0:01:20]} 38. Be6 {[%emt 0:01:10]} Kh5 {[%emt 0:00:45]} 39. Bh3 {[%emt 0:00:10]} Kg5 {[%emt 0:01:03]} 40. Be6 {[%emt 0:00:00]} Nd1 {[%emt 0:00:00]} 41. Bh3 {[%emt 0:01:42]} Ne3 {[%emt 0:05:11]} 42. Be6 $11 {[%emt 0:02:40]} 1/2-1/2

[Event "USA-ch Junior Girls 2019"]
[Site "Saint Louis"]
[Date "2019.07.15"]
[Round "5.5"]
[White "Nguyen, Emily"]
[Black "Zilajeva, Veronika"]
[Result "1-0"]
[WhiteElo "2102"]
[BlackElo "1855"]
[Annotator "TA"]
[PlyCount "91"]
[EventDate "2019.07.09"]
[EventType "tourn"]
[EventCountry "USA"]
[SourceTitle "playchess.com"]
[Source "ChessBase"]
[SourceQuality "1"]

{[%evp 13,107,18,21,18,54,60,61,60,118,114,134,125,120,112,119,107,109,106,98,112,109,107,112,102,105,115,141,144,195,193,366,354,415,330,334,289,351,336,333,341,328,339,341,336,336,323,660,660,660,660,638,203,202,181,230,225,593,593,587,587,587,586,578,578,629,626,662,660,670,670,666,666,649,637,867,856,896,868,29977,29978,29977,29978,29979,29980,29980,29981,29983,29984,29985,29985,29986,29986,29987,29988,29987,29987]} 1. d4 d5 2. c4 e6 3. Nc3 Nf6 4. Nf3 Be7 5. Bf4 O-O 6. e3 b6 7. Rc1 c5 8. dxc5 {D37: Queen's Gambit Declined: 5 Bf4} (8. cxd5 Nxd5 9. Nxd5 exd5 10. Be2 c4 11. O-O Nc6 12. e4 b5 13. exd5 Nb4 14. d6 Bxd6 15. Bxd6 Qxd6 16. a3 Nd5 {½-½ (40) Miton,K (2624)-Arizmendi Martinez,J (2571) Legnica 2013}) 8... Bxc5 9. cxd5 exd5 10. Be2 {White is slightly better.} Bg4 $146 (10... Nc6 $14) ({Predecessor:} 10... Bb7 11. O-O Na6 12. a3 Bd6 13. Bxd6 Qxd6 14. Nb5 Qe7 15. Nfd4 Rfc8 {1-0 (31) Lobo Rodriguez,J (2261)-Redondo Arguelles,G (2066) Gijon 2002}) 11. Bg5 Be6 12. Nd4 Bxd4 13. Qxd4 Nc6 14. Qa4 Ne5 15. O-O h6 16. Bh4 Ng6 17. Bg3 a6 18. Rfd1 (18. Bxa6 $2 Bc8 $19) 18... b5 19. Qb4 Rc8 20. a4 Qb6 (20... bxa4 $16 {was worth a try.} 21. Bxa6 Ra8) 21. axb5 $18 a5 $2 (21... axb5 22. Qxb5 (22. Bxb5 Ne4 $16) (22. Nxb5 Bg4 $16) 22... Qd8) 22. Qd4 Nd7 23. Ra1 Qxd4 24. Rxd4 Nc5 {and the idea ...Nb3 leaves Black hopeful.} 25. Bd1 Ne7 26. Bd6 (26. Rxa5 Nf5 $18) 26... Rfe8 27. Bxe7 ({Weaker is} 27. Rxa5 Nb7 $16) 27... Rxe7 28. Nxd5 ({Don't play} 28. Rxa5 Rd7 $18) 28... Bxd5 29. Rxd5 a4 $2 (29... Rd7) 30. Rc1 Rec7 31. b6 Rc6 {[#]} 32. Bg4 $2 (32. Rcxc5 $1 Rxc5 33. b7) 32... Nb7 33. Ra1 Ra8 34. Rb5 {Black must now prevent Bf3.} Ra6 $2 (34... Ra5 {is tougher.}) 35. Bf3 Rcxb6 36. Bxb7 Rxb5 37. Bxa6 Rxb2 38. Rxa4 {[%mdl 4096] Endgame KRB-KR} Rb1+ 39. Bf1 g6 40. g3 Kg7 41. Ra7 Rc1 42. Kg2 Rc3 43. Bb5 Rc8 44. Bd7 Rf8 45. Be6 g5 {[#]} 46. g4 {Played: Ra7xf7} 1-0

[Event "USA-ch Junior Girls 2019"]
[Site "Saint Louis"]
[Date "2019.07.17"]
[Round "6.1"]
[White "Cervantes Landeiro, Thalia"]
[Black "Zilajeva, Veronika"]
[Result "1-0"]
[WhiteElo "2147"]
[BlackElo "1855"]
[Annotator "TA"]
[PlyCount "77"]
[EventDate "2019.07.09"]
[EventType "tourn"]
[EventCountry "USA"]
[SourceTitle "playchess.com"]
[Source "ChessBase"]
[SourceQuality "1"]

{[%evp 25,77,22,33,30,33,40,53,54,68,63,87,75,111,107,94,77,82,66,43,43,95,54,47,50,94,52,85,107,131,131,117,109,106,39,50,42,62,-20,-15,-6,-12,-18,-30,-33,0,-85,-64,-187,-188,-195,29996,29997,29997,29998]} 1. d4 d5 2. c4 e6 3. Nc3 Nf6 4. cxd5 exd5 5. Bg5 Be7 6. e3 c6 7. Bd3 O-O 8. Qc2 Nbd7 9. Nge2 Re8 10. f3 h6 11. Bh4 Nf8 12. O-O Ne6 13. Rad1 b6 14. Kh1 {D36: Queen's Gambit Declined: Exchange Variation: Main line (5 Bg5 c6 6 Qc2)} Bb7 15. Bf2 (15. h3 Rc8 16. Qb1 Nh5 17. Bf2 Bh4 18. Bg1 Ng3+ 19. Nxg3 Bxg3 20. b4 Bb8 21. Ne2 Qe7 {½-½ (38) Baron,T (2506)-Salgado Lopez,I (2622) Skopje 2019}) 15... Rc8 16. Bf5 $146 {White is slightly better.} ({Predecessor:} 16. e4 a6 17. e5 Nd7 18. f4 c5 19. Qd2 Nef8 20. Bf5 c4 21. Bg4 b5 {1-0 (55) Alavi,H (1980)-Asgharzadeh,M (1897) Teheran 2017}) 16... Rc7 17. e4 dxe4 18. fxe4 Bf8 19. Bh4 Ng5 20. e5 Nd5 21. Qd2 Be7 22. Bb1 Ne6 (22... Ba6 $14) 23. Bg3 {Qc2 is the strong threat.} Bg5 24. Qd3 {aiming for Qh7+.} Nf8 {With the idea ...Ne3.} 25. e6 Rce7 26. exf7+ Rxf7 27. Rxf7 Kxf7 28. Ne4 Kg8 29. Nd6 (29. Rf1 $16) 29... Re3 $14 30. Qc4 $1 Ba8 31. Ne4 (31. Be5 $14) 31... b5 $36 {[%mdl 2048] Black has good play.} 32. Qc2 Nb4 33. Qc5 {[%mdl 64] [#] Black must now prevent N2c3. Double Attack} Rxe2 34. Qxb4 c5 35. Qb3+ (35. Qxb5 $11 {remains equal.} Rxe4 36. Bxe4 Bxe4 37. Qe2) 35... c4 $17 36. Qf3 ({White has to play} 36. Qxb5 $15 Rxe4 37. Bxe4 Bxe4 38. Qxc4+ Bd5 39. Qc2) 36... Rxb2 $19 37. Rf1 {White threatens Qf7+ and mate.} b4 $4 {[%mdl 8192] [#]} (37... Qe8 $19 38. h4 Bd8 {[%mdl 64] Remove Defender}) 38. Qf7+ $1 {[%mdl 576] Double Attack} Kh8 39. Qxf8+ {Accuracy: White = 48%, Black = 45%.} 1-0

[Event "USA-ch Junior Girls 2019"]
[Site "Saint Louis"]
[Date "2019.07.17"]
[Round "6.2"]
[White "Bykovtsev, Agata"]
[Black "Nguyen, Emily"]
[Result "0-1"]
[WhiteElo "2012"]
[BlackElo "2102"]
[Annotator "NA"]
[PlyCount "76"]
[EventDate "2019.07.09"]
[EventType "tourn"]
[EventCountry "USA"]
[SourceTitle "playchess.com"]
[Source "ChessBase"]
[SourceQuality "1"]
[TimeControl "40/5400+30:1800+30"]

1. e4 {[%emt 0:00:00]} c5 {[%emt 0:00:00]} 2. Nf3 {[%emt 0:00:00]} e6 {[%emt 0:00:00]} 3. d4 {[%emt 0:00:00]} cxd4 {[%emt 0:00:00]} 4. Nxd4 {[%emt 0:00:00]} Nf6 {[%emt 0:00:00]} 5. Nc3 {[%emt 0:00:02]} d6 {[%emt 0:00:01]} 6. Bc4 {[%emt 0:01:11]} Be7 {[%emt 0:00:18]} 7. O-O {[%emt 0:00:12]} O-O {[%emt 0:00:26]} 8. Bb3 {[%emt 0:00:18]} Na6 {[%emt 0:04:15]} 9. f4 {[%emt 0:08:29]} Nc5 {[%emt 0:03:55]} 10. Qf3 {[%emt 0:09:41]} a6 {[%emt 0:16:28]} 11. f5 {[%emt 0:09:23]} Bd7 {[%emt 0:18:28]} 12. Be3 {[%emt 0:08:25]} b5 {[%emt 0:04:08]} 13. a3 {[%emt 0:09:03]} e5 {[%emt 0:05:59]} 14. Nde2 {[%emt 0:00:07]} Nxb3 {[%emt 0:00:04]} 15. cxb3 {[%emt 0:00:03]} Bc6 {[%emt 0:09:05]} 16. Rad1 {[%emt 0:03:16]} Qb8 {[%emt 0:01:12]} 17. b4 {[%emt 0:00:34]} Qb7 {[%emt 0:03:39]} 18. Nd5 {[%emt 0:02:42]} Bxd5 {[%emt 0:00:15]} 19. exd5 {[%emt 0:00:24]} Rac8 {[%emt 0:00:51]} 20. Nc3 {[%emt 0:04:58]} Rc4 {[%emt 0:01:00]} 21. h3 {[%emt 0:02:22]} h6 {[%emt 0:04:30]} 22. g4 {[%emt 0:05:44]} Nd7 {[%emt 0:02:31]} 23. Rf2 {[%emt 0:03:41]} Re8 {[%emt 0:02:25]} 24. Rg2 {[%emt 0:04:13]} e4 {[%emt 0:03:01]} 25. Qg3 {[%emt 0:09:06]} Ne5 {[%emt 0:03:14]} 26. Kh1 {[%emt 0:04:13]} Bd8 {[%emt 0:01:51]} 27. g5 {[%emt 0:02:25]} h5 {[%emt 0:00:52]} 28. Bf4 {[%emt 0:04:21]} Qc8 {[%emt 0:01:06]} 29. f6 {[%emt 0:02:20]} g6 {[%emt 0:02:18]} 30. Re2 {[%emt 0:03:31]} Qf5 {[%emt 0:00:49]} 31. Bxe5 {[%emt 0:01:51]} Rxe5 {[%emt 0:01:02]} 32. b3 {[%emt 0:01:28]} h4 {[%emt 0:02:57]} 33. Qe3 {[%emt 0:00:34]} Bb6 {[%emt 0:00:30]} 34. Qxb6 {[%emt 0:01:09]} Qxh3+ {[%emt 0:01:03]} 35. Rh2 {[%emt 0:00:44]} Qf3+ {[%emt 0:00:03]} 36. Rg2 {[%emt 0:00:26]} h3 {[%emt 0:00:31]} 37. Rdd2 {[%emt 0:00:48]} hxg2+ {[%emt 0:00:10]} 38. Rxg2 {[%emt 0:00:02]} Rxg5 {[%emt 0:00:46]} 0-1

[Event "USA-ch Junior Girls 2019"]
[Site "Saint Louis"]
[Date "2019.07.17"]
[Round "6.3"]
[White "Yan, Ruiyang"]
[Black "Feng, Maggie"]
[Result "1-0"]
[WhiteElo "1851"]
[BlackElo "2198"]
[Annotator "NA"]
[PlyCount "69"]
[EventDate "2019.07.09"]
[EventType "tourn"]
[EventCountry "USA"]
[SourceTitle "playchess.com"]
[Source "ChessBase"]
[SourceQuality "1"]
[TimeControl "40/5400+30:1800+30"]

1. e4 {[%emt 0:00:00]} e6 {[%emt 0:00:00]} 2. d4 {[%emt 0:00:00]} d5 {[%emt 0:00:00]} 3. Nc3 {[%emt 0:00:00]} Bb4 {[%emt 0:00:37]} 4. e5 {[%emt 0:00:00]} Ne7 {[%emt 0:06:24]} 5. a3 {[%emt 0:00:21]} Bxc3+ {[%emt 0:00:10]} 6. bxc3 {[%emt 0:00:06]} c5 {[%emt 0:00:09]} 7. Qg4 {[%emt 0:00:11]} O-O {[%emt 0:00:39]} 8. Bd3 {[%emt 0:00:07]} Nbc6 {[%emt 0:00:21]} 9. Qh5 {[%emt 0:00:35]} Ng6 {[%emt 0:00:11]} 10. Nf3 {[%emt 0:00:08]} Qc7 {[%emt 0:00:50]} 11. Be3 {[%emt 0:00:14]} c4 {[%emt 0:00:11]} 12. Bxg6 {[%emt 0:00:04]} fxg6 {[%emt 0:00:09]} 13. Qg4 {[%emt 0:00:06]} Qf7 {[%emt 0:00:29]} 14. Ng5 {[%emt 0:00:08]} Qe8 {[%emt 0:00:27]} 15. h4 {[%emt 0:00:14]} h6 {[%emt 0:00:45]} 16. Nh3 {[%emt 0:00:07]} b5 {[%emt 0:03:17]} 17. Qe2 {[%emt 0:00:37]} a5 {[%emt 0:10:28]} 18. g4 {[%emt 0:01:24]} Bd7 {[%emt 0:03:06]} 19. h5 {[%emt 0:01:31]} gxh5 {[%emt 0:01:13]} 20. g5 {[%emt 0:00:31]} hxg5 {[%emt 0:00:19]} 21. Nxg5 {[%emt 0:00:23]} g6 {[%emt 0:00:25]} 22. Kd2 {[%emt 0:00:31]} b4 {[%emt 0:10:22]} 23. Rag1 {[%emt 0:01:50]} bxc3+ {[%emt 0:07:28]} 24. Kxc3 {[%emt 0:01:46]} Qe7 {[%emt 0:20:38]} 25. Ne4 {[%emt 0:10:01]} Qxa3+ {[%emt 0:21:02]} 26. Kd2 {[%emt 0:00:07]} Qb4+ {[%emt 0:03:54]} 27. Nc3 {[%emt 0:00:07]} Kf7 {[%emt 0:00:33]} 28. Rxg6 {[%emt 0:01:08]} Ke8 {[%emt 0:02:36]} 29. Rg7 {[%emt 0:01:10]} Nd8 {[%emt 0:07:09]} 30. Rb1 {[%emt 0:04:23]} Qa3 {[%emt 0:00:15]} 31. Qxh5+ {[%emt 0:00:48]} Nf7 {[%emt 0:00:07]} 32. Bg5 {[%emt 0:00:14]} Bc6 {[%emt 0:00:53]} 33. Qg6 {[%emt 0:00:24]} Bd7 {[%emt 0:00:22]} 34. Nb5 {[%emt 0:01:08]} c3+ {[%emt 0:00:14]} 35. Kd1 {[%emt 0:00:13]} 1-0

[Event "USA-ch Junior Girls 2019"]
[Site "Saint Louis"]
[Date "2019.07.17"]
[Round "6.4"]
[White "Li, Rachael"]
[Black "Samadashvili, Martha"]
[Result "0-1"]
[WhiteElo "1736"]
[BlackElo "2124"]
[Annotator "TA"]
[PlyCount "132"]
[EventDate "2019.07.09"]
[EventType "tourn"]
[EventCountry "USA"]
[SourceTitle "playchess.com"]
[Source "ChessBase"]
[SourceQuality "1"]

{[%evp 20,168,-15,-32,-32,-33,-32,-35,-41,-34,-35,-42,-42,-41,-16,-33,0,-3,0,-16,-1,-8,0,0,0,-16,-10,-12,0,-6,0,-3,0,-9,-6,-16,-9,-3,0,-12,5,10,5,5,3,10,9,3,13,-23,-25,-22,-27,-28,-10,-10,-10,-10,-10,-10,-8,-16,0,-13,10,-20,0,0,0,0,0,-14,-8,-8,-8,-24,-27,-131,-127,-218,-216,-353,-369,-344,-318,-1250,-697,-1083,-346,-328,-326,-407,-406,-405,-405,-405,-395,-308,-206,-454,-432,-1447,-1428,-29959,-29961,-29966,-29968,-29966,-29960,-29966,-29965,-29970,-29969,-29967,-29970,-29967,-29969,-29968,-29969,-29971,-29968,-29941,-7342,-29982,-29983,-29982,-29983,-29983,-29975,-29985,-29986,-29986,-29987,-29987,-29988,-29988,-29989,-29989,-29990,-29994,-29995,-29995,-29995,-29995,-29995,-29995,-29996,-29996,-29997,-29997,-29998]} 1. e4 c5 2. d4 cxd4 3. c3 Nf6 4. e5 Nd5 5. cxd4 d6 6. Nf3 Nc6 7. exd6 Qxd6 8. Nc3 Bg4 9. Be2 e6 10. O-O Be7 11. h3 Bf5 {B22: Sicilian: 2 c3} (11... Bh5 12. a3 O-O 13. Nxd5 Qxd5 14. Be3 Rfd8 15. Qd2 Na5 16. Qd3 Nb3 17. Rad1 Rac8 18. Ne5 Bxe2 19. Qxe2 Bf6 20. f4 Qe4 21. Qd3 Qxd3 22. Rxd3 {0-1 (42) Al Jabri,M (2154)-Dobrov,V (2515) Riadh 2017}) 12. Be3 O-O 13. Rc1 $146 ({Predecessor:} 13. Qd2 Bf6 14. Bd3 Bxd3 15. Qxd3 Rfd8 16. Ne4 Qe7 17. Nxf6+ Nxf6 18. Rfd1 Rd7 19. Rd2 {0-1 (44) Baboyan,E (2141)-Ponomarenko,N (1926) Kemerovo 2010}) 13... Rfd8 {Black is slightly better.} 14. Qd2 Rac8 15. Rfd1 h6 16. Nxd5 exd5 17. Bd3 Bxd3 18. Qxd3 a6 19. Qf5 Qf6 (19... Qd7 {with more complications.} 20. Qxd7 Rxd7 21. Ne5 Rdc7 22. Kf1 Bd6) 20. Qg4 Qe6 21. Qxe6 fxe6 22. Bf4 Rf8 23. Bg3 Bf6 24. Bd6 Rfd8 25. Bc5 Nb8 26. Kf1 Rc6 27. Ke2 $1 Rdc8 28. Kd2 Nd7 {[%cal Rd7c5]} 29. Ba3 e5 (29... Bd8 {is interesting.} 30. Rxc6 Rxc6 31. Rc1 Ba5+ 32. Kd1 Rxc1+ 33. Kxc1 g5) 30. Rxc6 bxc6 31. dxe5 Nxe5 32. Nxe5 Bxe5 $11 {[%mdl 4096] Endgame KRB-KRB} 33. Re1 Bf6 34. Re6 Kf7 35. Re2 c5 36. b3 c4 37. bxc4 Rxc4 38. Bd6 Ra4 39. Kd3 Rd4+ 40. Kc2 Rc4+ 41. Kd2 d4 42. Re4 Ra4 43. a3 Ra5 44. Kd3 Rb5 45. f3 Rb3+ 46. Kc2 Rc3+ 47. Kd2 a5 {[%cal Ba6a5,Ba5a4][%mdl 32]} 48. Re1 (48. h4 $11) 48... Rb3 $1 $17 49. Kc2 (49. a4 $17) 49... a4 $1 $19 {Strongly threatening ...d3+.} 50. Rd1 (50. Be5 $142) 50... Ke6 51. Bb4 {intending Rd3.} Kd5 52. Re1 $2 (52. Kd2) 52... Bg5 {( -> ...d3+)} 53. Bd2 Bxd2 $2 (53... d3+ 54. Kc1 Rxa3) 54. Kxd2 Rxa3 {KR-KR} 55. Re8 Ra2+ 56. Kd3 Rxg2 57. Ra8 Ke5 58. Rxa4 Kf4 59. Kxd4 $2 (59. Ra7 {only move.}) 59... Kxf3 60. Ke5 (60. Ra7 $142 Rg6 61. Ra3+ Kf4 62. Kd5) 60... Rg5+ 61. Ke6 {[#]} Kg3 $1 {[%cal Rg3h3]} 62. Ra3+ {[#]} Kh4 $1 63. Kf7 Rg1 64. Rb3 h5 65. Rb5 g6 66. Rb3 {[#]} Rg5 {Played: Rg1-g3} 0-1

[Event "USA-ch Junior Girls 2019"]
[Site "Saint Louis"]
[Date "2019.07.17"]
[Round "6.5"]
[White "Yip, Carissa"]
[Black "Wu, Rochelle"]
[Result "1-0"]
[WhiteElo "2285"]
[BlackElo "2085"]
[Annotator "NA"]
[PlyCount "69"]
[EventDate "2019.07.09"]
[EventType "tourn"]
[EventCountry "USA"]
[SourceTitle "playchess.com"]
[Source "ChessBase"]
[SourceQuality "1"]
[TimeControl "40/5400+30:1800+30"]

1. e4 {[%emt 0:00:00]} c5 {[%emt 0:00:00]} 2. Nf3 {[%emt 0:00:00]} Nc6 {[%emt 0:00:00]} 3. d4 {[%emt 0:01:27]} cxd4 {[%emt 0:00:00]} 4. Nxd4 {[%emt 0:00:03]} Nf6 {[%emt 0:00:26]} 5. Nc3 {[%emt 0:00:03]} e5 {[%emt 0:00:20]} 6. Ndb5 {[%emt 0:04:04]} d6 {[%emt 0:01:32]} 7. Nd5 {[%emt 0:00:04]} Nxd5 {[%emt 0:00:18]} 8. exd5 {[%emt 0:00:03]} Ne7 {[%emt 0:00:31]} 9. c4 {[%emt 0:00:04]} Nf5 {[%emt 0:01:09]} 10. Bd3 {[%emt 0:03:00]} g6 {[%emt 0:00:42]} 11. O-O {[%emt 0:03:55]} a6 {[%emt 0:07:14]} 12. Bg5 {[%emt 0:12:32]} Be7 {[%emt 0:00:49]} 13. Bxe7 {[%emt 0:02:11]} Qxe7 {[%emt 0:01:00]} 14. Nc3 {[%emt 0:02:44]} O-O {[%emt 0:03:41]} 15. Re1 {[%emt 0:00:02]} Qc7 {[%emt 0:06:38]} 16. Rc1 {[%emt 0:03:59]} Nd4 {[%emt 0:09:50]} 17. b4 {[%emt 0:00:39]} b6 {[%emt 0:08:00]} 18. Qd2 {[%emt 0:05:59]} Bf5 {[%emt 0:09:40]} 19. Bxf5 {[%emt 0:05:49]} Nxf5 {[%emt 0:00:33]} 20. Ne4 {[%emt 0:00:52]} Nd4 {[%emt 0:05:40]} 21. c5 {[%emt 0:05:40]} dxc5 {[%emt 0:04:56]} 22. bxc5 {[%emt 0:08:03]} bxc5 {[%emt 0:00:06]} 23. d6 {[%emt 0:00:06]} Qb6 {[%emt 0:11:56]} 24. Qg5 {[%emt 0:03:45]} f5 {[%emt 0:01:22]} 25. Nf6+ {[%emt 0:01:59]} Kg7 {[%emt 0:01:16]} 26. Nh5+ {[%emt 0:18:11]} Kh8 {[%emt 0:00:29]} 27. Qe7 {[%emt 0:00:05]} gxh5 {[%emt 0:05:26]} 28. Qxe5+ {[%emt 0:00:04]} Kg8 {[%emt 0:00:06]} 29. Qg3+ {[%emt 0:00:19]} Kh8 {[%emt 0:01:02]} 30. Qe5+ {[%emt 0:01:48]} Kg8 {[%emt 0:00:05]} 31. Qg3+ {[%emt 0:00:21]} Kh8 {[%emt 0:00:05]} 32. Re7 {[%emt 0:00:03]} Nf3+ {[%emt 0:02:19]} 33. Qxf3 {[%emt 0:00:18]} Qxd6 {[%emt 0:00:11]} 34. Rce1 {[%emt 0:00:02]} h4 {[%emt 0:03:18]} 35. R1e6 {[%emt 0:01:35]} 1-0

[Event "USA-ch Junior Girls 2019"]
[Site "Saint Louis"]
[Date "2019.07.18"]
[Round "7.1"]
[White "Wu, Rochelle"]
[Black "Cervantes Landeiro, Thalia"]
[Result "1-0"]
[WhiteElo "2085"]
[BlackElo "2147"]
[Annotator "TA"]
[PlyCount "75"]
[EventDate "2019.07.09"]
[EventType "tourn"]
[EventCountry "USA"]
[SourceTitle "playchess.com"]
[Source "ChessBase"]
[SourceQuality "1"]

{[%evp 23,75,66,55,64,68,45,60,58,54,39,50,0,-20,-17,44,57,51,32,46,48,117,7,44,4,11,0,0,0,0,0,207,232,234,227,210,204,206,220,204,213,202,179,597,587,579,566,29981,29982,29989,29990,29990,29991,29993,29994]} 1. d4 Nf6 2. c4 g6 3. Nc3 d5 4. Nf3 Bg7 5. cxd5 Nxd5 6. e4 Nxc3 7. bxc3 c5 8. Be3 O-O 9. Be2 b6 10. O-O Bb7 11. Qc2 Nd7 12. d5 Qc7 13. Rad1 {D85: Exchange Grünfeld: Unusual White 7th moves and lines with 7 Nf3} Rad8 14. c4 e6 $146 ({Predecessor:} 14... Rfe8 15. Bc1 Ne5 16. Bb2 a6 17. a4 Bc8 18. Nxe5 Bxe5 19. Bxe5 Qxe5 20. f4 Qc7 {0-1 (57) Savickiene,V (2051)-Schuurman,P (2324) Beijing 2008}) 15. Bg5 {White is slightly better.} Rc8 16. Nd2 Rfe8 17. dxe6 (17. Rfe1 $14) 17... fxe6 $11 18. f4 Nb8 (18... h6 $11 19. Bh4 Bd4+ 20. Kh1 e5) 19. e5 $14 Nc6 {[%cal Bb8c6,Bc6d4,Bd4e2][%mdl 32]} 20. Nf3 Bf8 21. h4 Be7 ({Black should play} 21... b5 $14) 22. Qb1 (22. h5 $1 $16) 22... Bxg5 23. Nxg5 Nd4 24. Bd3 Qe7 25. Rf2 (25. Bxg6 $2 hxg6 26. Qxg6+ (26. Rxd4 $2 cxd4 27. Rd1 Qg7 $19) 26... Qg7 $19) 25... Rf8 {Hoping for ...h6.} 26. Be4 ({Don't play} 26. Bxg6 hxg6 27. Rxd4 (27. Qxg6+ Qg7 $17) 27... cxd4 $17) 26... Rxf4 $2 (26... Ba6 $11) 27. Rxf4 $18 ({Weaker is} 27. Bxb7 Qxb7 28. Rxf4 Ne2+ 29. Kh2 Nxf4 $14) 27... Ne2+ 28. Kh2 Nxf4 {[#]} 29. g3 $1 {[%cal Rg3f4]} Bxe4 30. Qxe4 Nh5 31. Rd6 {[%mdl 1024] White has strong compensation.} Ng7 {[#]} 32. Qd3 $1 {Black must now prevent Rd7.} Rf8 $2 (32... b5 {is tougher.}) 33. Rd7 Qe8 34. Ne4 {And now Nf6+ would win.} Qb8 35. Nf6+ {White mates.} Kh8 36. Qe3 Rxf6 37. exf6 Nf5 {[#]} 38. Qe5 $1 {[%mdl 512] Accuracy: White = 66%, Black = 32%.} 1-0